Footballeurs en S (par images). - Statistiques

Statistiques générales
  • Ce quiz a été pris 536 fois
  • Le résultat moyen est 14 sur 24
Statistiques - réponses
Par images Réponse % Correct
Emiliano Sala
99%
Luis Suárez
99%
Thiago Silva
97%
Heung-min Son
96%
Mohamed Salah
94%
Leroy Sané
88%
Raheem Sterling
82%
Sócrates
76%
Mamadou Sakho
74%
Xherdan Shaqiri
72%
Peter Schmeichel
64%
Bastian Schweinsteiger
63%
Clarence Seedorf
61%
Andriy Shevchenko
59%
Alan Shearer
51%
Davor Šuker
49%
Willy Sagnol
48%
Hugo Sánchez
25%
Matthias Sammer
25%
Hristo Stoitchkov
18%
Javier Saviola
13%
Didier Six
12%
Nílton Santos
5%
Omar Sívori
4%
Aucun quiz correspondant
Distribution des résultats
% des personnes avec chaque résultat
Percentile par nombre de réponses
Votre historique - résultats
Vous n’avez pas pris ce quiz